000 00447nam a2200181Ia 4500
001 11647
005 20260306162843.0
008 260306t2012||||xx |||||||||||||| ||spa||
041 _aESP
082 _a985.62
_bB77
100 _aBourricaud, Francois
_eAUT
245 0 _aCambios en Puno:
_bestudios de sociologĂ­a andina
260 _c2012
300 _a222 páginas :
_c23 cm.
650 _aGEN
654 _aCHU
942 _cLIB
_dJUS
_fJUS
_2ddc
_n
999 _c11647
_d11647